000 00506nam a2200169 i 4500
001 70695
003 ES-MaACL
005 20230906170906.0
007 t|
008 040802s1971 xxu ||||1| spa d
100 1 _aGarrard, Jeanne.
_955639
245 1 0 _aFlowers of Bermuda /
_cJeanne Garrard, [story] ; Hans W. Hannau, [fotography and design].
260 _aMiami :
_bArgos,
_c[1971]
300 _a64 p., 16 lám. ;
_c16 cm.
700 1 _aGarrard, Jeanne.
_955639
852 _aES-MaACL
_jC-47189
_bR.81661
999 _c70695
_d70695